000 00237 a2200109 4500
001 68563
040 _cAnchieta - Itaigara
240 1 0 _aUm senhor amigo
_l
245 1 0 _aUm senhor amigo
650 4 _aLiteratura infanto-juvenil
942 _cMU
999 _c68563
_d68563